{"text_format":"3","workbook":"xlsx","n_sheets":8,"sheets":["预算书封面","单位工程预算价汇总表","规费、税金项目清单与计价表","分部分项(清单)","措施项目计价表（一）","措施项目计价表（二）","其他项目清单与计价汇总表","主要材料价格表"],"read":"whole","date_system":"1900"}

{"sheet":"预算书封面","index":0,"n_rows":10,"n_cols":3,"rows_kept":10,"merged":[[0,1,0,4],[1,2,1,3],[2,2,2,3],[3,2,3,3],[4,2,4,3],[5,2,5,4],[6,2,6,3],[7,2,7,3],[8,2,8,3],[9,2,9,3]]}
[null,"预 算 书"]
[null,"建 设 单 位：","恩平市市政园林管理所"]
[null,"工 程 名 称：","恩平中心城区锦江公园长堤污水管坍塌及幼苗街等管道修复工程"]
[null,"工  程 造 价\n（小写）：",{"$f":"单位工程预算价汇总表!G25","v":{"v":738462.5522,"d":"738462.55"}}]
[null,"大      写：","柒拾叁万捌仟肆佰陆拾叁元伍角伍分"]
[]
[null,"编 制 单 位："]
[null,"编  制  人："]
[null,"复  核  人："]
[null,"编 制 时 间："]

{"sheet":"单位工程预算价汇总表","index":1,"n_rows":27,"n_cols":7,"rows_kept":27,"merged":[[0,0,0,7],[1,0,1,2],[1,4,1,7],[2,2,2,4],[3,2,3,4],[4,2,4,4],[5,2,5,4],[6,2,6,4],[7,2,7,4],[8,2,8,4],[9,2,9,4],[10,2,10,4],[11,2,11,4],[12,2,12,4],[13,2,13,4],[14,2,14,4],[15,2,15,4],[16,2,16,4],[17,2,17,4],[18,2,18,4],[19,2,19,4],[20,2,20,4],[21,2,21,4],[22,2,22,4],[23,2,23,4],[24,2,24,4],[25,2,25,4],[26,0,26,2],[26,4,26,7]]}
["单位工程汇总表"]
["工程名称：恩平中心城区锦江公园长堤污水管坍塌及幼苗街等管道修复工程"]
["序号","费 用 名 称","计 算 基 础",null,null,"费率(%)","金  额（元）"]
["1","分部分项合计","分部分项合计",{"$nulls":3},594812.53]
["1.1","锦江大桥段",{"$nulls":4},412303]
["1.2","中山公园侧门段",{"$nulls":4},54053.54]
["1.3","西门老干部之家段",{"$nulls":4},31931.64]
["1.4","新城社区段",{"$nulls":4},96524.35]
["2","措施合计","绿色施工安全防护措施费+其他措施费",{"$nulls":3},29212.82]
["2.1","绿色施工安全防护措施费","安全及文明施工措施费",{"$nulls":3},22306.18]
["2.2","其他措施费","其他措施费",{"$nulls":3},6906.64]
["3","其他项目","其他项目合计",{"$nulls":3},{"$f":"G13+G17","v":53463.23}]
["3.1","暂列金额","暂列金额",{"$nulls":3},{"$f":"其他项目清单与计价汇总表!F5","v":{"v":44000,"d":"44000.00"}}]
["3.2","暂估价","暂估价合计"]
["3.3","计日工","计日工"]
["3.4","总承包服务费","总承包服务费"]
["3.5","预算包干费","预算包干费",{"$nulls":3},9463.23]
["3.6","工程优质费","工程优质费"]
["3.7","概算幅度差","概算幅度差"]
["3.8","索赔费用","索赔费用"]
["3.9","现场签证费用","现场签证费用"]
["3.10","其他费用","其他费用"]
["4","税前工程造价","分部分项合计+措施合计+其他项目",{"$nulls":3},{"$f":"G4+G9+G12","v":677488.58}]
["5","增值税销项税额","分部分项合计+措施合计+其他项目",null,null,"9",{"$f":"G23*0.09","v":{"v":60973.9722,"d":"60973.97"}}]
["6","总造价","分部分项合计+措施合计+其他项目+增值税销项税额",{"$nulls":3},{"$f":"G23+G24","v":{"v":738462.5522,"d":"738462.55"}}]
["7","人工费","分部分项人工费+技术措施项目人工费",{"$nulls":3},103586.12]
[{"$nulls":4},"第 1 页  共 1 页"]

{"sheet":"规费、税金项目清单与计价表","index":2,"n_rows":7,"n_cols":7,"rows_kept":7,"merged":[[0,0,0,6],[1,0,1,6],[2,2,2,3],[2,4,2,5],[3,2,3,3],[3,4,3,5],[4,0,4,5],[5,0,5,2],[5,3,5,6],[6,0,6,2],[6,3,6,4],[6,5,6,6]]}
["规费、税金项目清单与计价表"]
["工程名称：恩平中心城区锦江公园长堤污水管坍塌及幼苗街等管道修复工程"]
["序号","项目名称","计算基础",null,"计算费率\n(%)",null,"金额(元)"]
["1","增值税销项税额","分部分项合计+措施合计+其他项目",null,"9",null,{"$f":"单位工程预算价汇总表!G24","v":{"v":60973.9722,"d":"60973.97"}}]
["合    计",{"$nulls":5},{"$f":"G4","v":{"v":60973.9722,"d":"60973.97"}}]
[]
[{"$nulls":5},"第 1 页  共 1 页"]

{"sheet":"分部分项(清单)","index":3,"n_rows":294,"n_cols":9,"rows_kept":294,"merged":[[0,0,0,8],[1,0,1,5],[1,6,1,8],[2,2,2,3],[2,5,2,6],[3,2,3,3],[3,5,3,6],[4,2,4,3],[4,5,4,6],[5,2,5,3],[5,5,5,6],[6,2,6,3],[6,5,6,6],[7,2,7,3],[7,5,7,6],[8,2,8,3],[8,5,8,6],[9,2,9,3],[9,5,9,6],[10,2,10,3],[10,5,10,6],[11,2,11,3],[11,5,11,6],[12,2,12,3],[12,5,12,6],[13,2,13,3],[13,5,13,6],[14,2,14,3],[14,5,14,6],[15,2,15,3],[15,5,15,6],[16,2,16,3],[16,5,16,6],[17,2,17,3],[17,5,17,6],[18,2,18,3],[18,5,18,6],[19,2,19,3],[19,5,19,6],[20,2,20,3],[20,5,20,6],[21,2,21,3],[21,5,21,6],[22,2,22,3],[22,5,22,6],[23,2,23,3],[23,5,23,6],[24,2,24,3],[24,5,24,6],[25,2,25,3],[25,5,25,6],[26,2,26,3],[26,5,26,6],[27,2,27,3],[27,5,27,6],[28,0,28,7],[29,0,29,2],[29,3,29,5],[29,6,29,8],[30,0,30,8],[31,0,31,5],[31,6,31,8],[32,2,32,3],[32,5,32,6],[33,2,33,3],[33,5,33,6],[34,2,34,3],[34,5,34,6],[35,2,35,3],[35,5,35,6],[36,2,36,3],[36,5,36,6],[37,2,37,3],[37,5,37,6],[38,2,38,3],[38,5,38,6],[39,2,39,3],[39,5,39,6],[40,2,40,3],[40,5,40,6],[41,2,41,3],[41,5,41,6],[42,2,42,3],[42,5,42,6],[43,2,43,3],[43,5,43,6],[44,2,44,3],[44,5,44,6],[45,2,45,3],[45,5,45,6],[46,2,46,3],[46,5,46,6],[47,2,47,3],[47,5,47,6],[48,2,48,3],[48,5,48,6],[49,2,49,3],[49,5,49,6],[50,2,50,3],[50,5,50,6],[51,2,51,3],[51,5,51,6],[52,2,52,3],[52,5,52,6],[53,2,53,3],[53,5,53,6],[54,2,54,3],[54,5,54,6],[55,2,55,3],[55,5,55,6],[56,0,56,7],[57,0,57,2],[57,3,57,5],[57,6,57,8],[58,0,58,8],[59,0,59,5],[59,6,59,8],[60,2,60,3],[60,5,60,6],[61,2,61,3],[61,5,61,6],[62,2,62,3],[62,5,62,6],[63,2,63,3],[63,5,63,6],[64,2,64,3],[64,5,64,6],[65,2,65,3],[65,5,65,6],[66,2,66,3],[66,5,66,6],[67,2,67,3],[67,5,67,6],[68,2,68,3],[68,5,68,6],[69,2,69,3],[69,5,69,6],[70,2,70,3],[70,5,70,6],[71,2,71,3],[71,5,71,6],[72,2,72,3],[72,5,72,6],[73,2,73,3],[73,5,73,6],[74,2,74,3],[74,5,74,6],[75,2,75,3],[75,5,75,6],[76,2,76,3],[76,5,76,6],[77,2,77,3],[77,5,77,6],[78,2,78,3],[78,5,78,6],[79,2,79,3],[79,5,79,6],[80,2,80,3],[80,5,80,6],[81,2,81,3],[81,5,81,6],[82,2,82,3],[82,5,82,6],[83,2,83,3],[83,5,83,6],[84,0,84,7],[85,0,85,2],[85,3,85,5],[85,6,85,8],[86,0,86,8],[87,0,87,5],[87,6,87,8],[88,2,88,3],[88,5,88,6],[89,2,89,3],[89,5,89,6],[90,2,90,3],[90,5,90,6],[91,2,91,3],[91,5,91,6],[92,2,92,3],[92,5,92,6],[93,2,93,3],[93,5,93,6],[94,2,94,3],[94,5,94,6],[95,2,95,3],[95,5,95,6],[96,2,96,3],[96,5,96,6],[97,2,97,3],[97,5,97,6],[98,2,98,3],[98,5,98,6],[99,2,99,3],[99,5,99,6],[100,2,100,3],[100,5,100,6],[101,2,101,3],[101,5,101,6],[102,2,102,3],[102,5,102,6],[103,2,103,3],[103,5,103,6],[104,2,104,3],[104,5,104,6],[105,2,105,3],[105,5,105,6],[106,2,106,3],[106,5,106,6],[107,2,107,3],[107,5,107,6],[108,2,108,3],[108,5,108,6],[109,2,109,3],[109,5,109,6],[110,2,110,3],[110,5,110,6],[111,2,111,3],[111,5,111,6],[112,2,112,3],[112,5,112,6],[113,2,113,3],[113,5,113,6],[114,2,114,3],[114,5,114,6],[115,0,115,7],[116,0,116,2],[116,3,116,5],[116,6,116,8],[117,0,117,8],[118,0,118,5],[118,6,118,8],[119,2,119,3],[119,5,119,6],[120,2,120,3],[120,5,120,6],[121,2,121,3],[121,5,121,6],[122,2,122,3],[122,5,122,6],[123,2,123,3],[123,5,123,6],[124,2,124,3],[124,5,124,6],[125,2,125,3],[125,5,125,6],[126,2,126,3],[126,5,126,6],[127,2,127,3],[127,5,127,6],[128,2,128,3],[128,5,128,6],[129,2,129,3],[129,5,129,6],[130,2,130,3],[130,5,130,6],[131,2,131,3],[131,5,131,6],[132,2,132,3],[132,5,132,6],[133,2,133,3],[133,5,133,6],[134,2,134,3],[134,5,134,6],[135,2,135,3],[135,5,135,6],[136,2,136,3],[136,5,136,6],[137,2,137,3],[137,5,137,6],[138,2,138,3],[138,5,138,6],[139,2,139,3],[139,5,139,6],[140,2,140,3],[140,5,140,6],[141,2,141,3],[141,5,141,6],[142,2,142,3],[142,5,142,6],[143,2,143,3],[143,5,143,6],[144,0,144,7],[145,0,145,2],[145,3,145,5],[145,6,145,8],[146,0,146,8],[147,0,147,5],[147,6,147,8],[148,2,148,3],[148,5,148,6],[149,2,149,3],[149,5,149,6],[150,2,150,3],[150,5,150,6],[151,2,151,3],[151,5,151,6],[152,2,152,3],[152,5,152,6],[153,2,153,3],[153,5,153,6],[154,2,154,3],[154,5,154,6],[155,2,155,3],[155,5,155,6],[156,2,156,3],[156,5,156,6],[157,2,157,3],[157,5,157,6],[158,2,158,3],[158,5,158,6],[159,2,159,3],[159,5,159,6],[160,2,160,3],[160,5,160,6],[161,2,161,3],[161,5,161,6],[162,2,162,3],[162,5,162,6],[163,2,163,3],[163,5,163,6],[164,2,164,3],[164,5,164,6],[165,2,165,3],[165,5,165,6],[166,2,166,3],[166,5,166,6],[167,2,167,3],[167,5,167,6],[168,2,168,3],[168,5,168,6],[169,2,169,3],[169,5,169,6],[170,0,170,7],[171,0,171,2],[171,3,171,5],[171,6,171,8],[172,0,172,8],[173,0,173,5],[173,6,173,8],[174,2,174,3],[174,5,174,6],[175,2,175,3],[175,5,175,6],[176,2,176,3],[176,5,176,6],[177,2,177,3],[177,5,177,6],[178,2,178,3],[178,5,178,6],[179,2,179,3],[179,5,179,6],[180,2,180,3],[180,5,180,6],[181,2,181,3],[181,5,181,6],[182,2,182,3],[182,5,182,6],[183,2,183,3],[183,5,183,6],[184,2,184,3],[184,5,184,6],[185,2,185,3],[185,5,185,6],[186,2,186,3],[186,5,186,6],[187,2,187,3],[187,5,187,6],[188,2,188,3],[188,5,188,6],[189,2,189,3],[189,5,189,6],[190,2,190,3],[190,5,190,6],[191,2,191,3],[191,5,191,6],[192,2,192,3],[192,5,192,6],[193,2,193,3],[193,5,193,6],[194,2,194,3],[194,5,194,6],[195,2,195,3],[195,5,195,6],[196,2,196,3],[196,5,196,6],[197,0,197,7],[198,0,198,2],[198,3,198,5],[198,6,198,8],[199,0,199,8],[200,0,200,5],[200,6,200,8],[201,2,201,3],[201,5,201,6],[202,2,202,3],[202,5,202,6],[203,2,203,3],[203,5,203,6],[204,2,204,3],[204,5,204,6],[205,2,205,3],[205,5,205,6],[206,2,206,3],[206,5,206,6],[207,2,207,3],[207,5,207,6],[208,2,208,3],[208,5,208,6],[209,2,209,3],[209,5,209,6],[210,2,210,3],[210,5,210,6],[211,2,211,3],[211,5,211,6],[212,2,212,3],[212,5,212,6],[213,2,213,3],[213,5,213,6],[214,2,214,3],[214,5,214,6],[215,2,215,3],[215,5,215,6],[216,2,216,3],[216,5,216,6],[217,2,217,3],[217,5,217,6],[218,2,218,3],[218,5,218,6],[219,2,219,3],[219,5,219,6],[220,2,220,3],[220,5,220,6],[221,2,221,3],[221,5,221,6],[222,2,222,3],[222,5,222,6],[223,2,223,3],[223,5,223,6],[224,0,224,7],[225,0,225,2],[225,3,225,5],[225,6,225,8],[226,0,226,8],[227,0,227,5],[227,6,227,8],[228,2,228,3],[228,5,228,6],[229,2,229,3],[229,5,229,6],[230,2,230,3],[230,5,230,6],[231,2,231,3],[231,5,231,6],[232,2,232,3],[232,5,232,6],[233,2,233,3],[233,5,233,6],[234,2,234,3],[234,5,234,6],[235,2,235,3],[235,5,235,6],[236,2,236,3],[236,5,236,6],[237,2,237,3],[237,5,237,6],[238,2,238,3],[238,5,238,6],[239,2,239,3],[239,5,239,6],[240,2,240,3],[240,5,240,6],[241,2,241,3],[241,5,241,6],[242,2,242,3],[242,5,242,6],[243,2,243,3],[243,5,243,6],[244,2,244,3],[244,5,244,6],[245,2,245,3],[245,5,245,6],[246,2,246,3],[246,5,246,6],[247,2,247,3],[247,5,247,6],[248,2,248,3],[248,5,248,6],[249,2,249,3],[249,5,249,6],[250,2,250,3],[250,5,250,6],[251,2,251,3],[251,5,251,6],[252,2,252,3],[252,5,252,6],[253,0,253,7],[254,0,254,2],[254,3,254,5],[254,6,254,8],[255,0,255,8],[256,0,256,5],[256,6,256,8],[257,2,257,3],[257,5,257,6],[258,2,258,3],[258,5,258,6],[259,2,259,3],[259,5,259,6],[260,2,260,3],[260,5,260,6],[261,2,261,3],[261,5,261,6],[262,2,262,3],[262,5,262,6],[263,2,263,3],[263,5,263,6],[264,2,264,3],[264,5,264,6],[265,2,265,3],[265,5,265,6],[266,2,266,3],[266,5,266,6],[267,2,267,3],[267,5,267,6],[268,2,268,3],[268,5,268,6],[269,2,269,3],[269,5,269,6],[270,2,270,3],[270,5,270,6],[271,2,271,3],[271,5,271,6],[272,2,272,3],[272,5,272,6],[273,2,273,3],[273,5,273,6],[274,2,274,3],[274,5,274,6],[275,2,275,3],[275,5,275,6],[276,2,276,3],[276,5,276,6],[277,2,277,3],[277,5,277,6],[278,2,278,3],[278,5,278,6],[279,0,279,7],[280,0,280,2],[280,3,280,5],[280,6,280,8],[281,0,281,8],[282,0,282,5],[282,6,282,8],[283,2,283,3],[283,5,283,6],[284,2,284,3],[284,5,284,6],[285,2,285,3],[285,5,285,6],[286,2,286,3],[286,5,286,6],[287,2,287,3],[287,5,287,6],[288,2,288,3],[288,5,288,6],[289,2,289,3],[289,5,289,6],[290,2,290,3],[290,5,290,6],[291,0,291,7],[292,0,292,7],[293,0,293,2],[293,3,293,5],[293,6,293,8]]}
["分部分项工程清单表"]
["工程名称：恩平中心城区锦江公园长堤污水管坍塌及幼苗街等管道修复工程"]
["序号","编码","名称",null,"单位","工程量",null,"综合单价\n（元）","综合合价\n（元）"]
[null,null,"锦江大桥段",{"$nulls":5},412303]
[null,null,"挡土墙及管道等设施",{"$nulls":5},114861.49]
["1","040101002004","挖沟槽土方",null,"m3","103.361",null,6.92,715.26]
[null,null,"D1-1-33挖掘机挖沟槽、基坑土方 一、二类土"]
["2","040303001001","混凝土垫层",null,"m3","3.3755",null,783.56,2644.91]
[null,null,"D3-1-2现浇基础 混凝土垫层"]
[null,null,"8021903普通预拌混凝土 碎石粒径综合考虑 C20"]
["3","040303002001","混凝土基础",null,"m3","21.4305",null,815.96,17486.43]
[null,null,"D3-1-4现浇基础 混凝土"]
[null,null,"8021904普通预拌混凝土 碎石粒径综合考虑 C25"]
[null,null,"8021904普通预拌混凝土 碎石粒径综合考虑 C25"]
[null,null,"D3-1-46泵送混凝土增加费"]
["4","040303015001","混凝土挡墙墙身",null,"m3","31.871",null,870.11,27731.28]
[null,null,"D3-1-28现浇板梁、板拱与挡墙 挡墙"]
[null,null,"8021904普通预拌混凝土 碎石粒径综合考虑 C25"]
[null,null,"8021904普通预拌混凝土 碎石粒径综合考虑 C25"]
[null,null,"D3-1-46泵送混凝土增加费"]
["5","040901001001","现浇构件钢筋",null,"t","5.3543",null,5802.34,31067.47]
[null,null,"D7-5-23墙体钢筋 墙厚0.5m外"]
["6","040103001003","回填土方",null,"m3","102.44"]
[null,null,"D1-1-133回填土 夯实机夯实 槽、坑"]
["7","040501001001","混凝土管dn600",null,"m","2",null,308.05,616.1]
[null,null,"D5-2-83水泥砂浆接口(120°管基) 管径(mm以内) 600"]
[null,null,"80010220抹灰水泥砂浆(配合比) 中砂 1:2.5"]
[null,null,"80010220抹灰水泥砂浆(配合比) 中砂 1:2.5"]
["本页小计",{"$nulls":7},80261.45]
[{"$nulls":6},"第 1 页 共 11 页"]
["分部分项工程清单表"]
["工程名称：恩平中心城区锦江公园长堤污水管坍塌及幼苗街等管道修复工程"]
["序号","编码","名称",null,"单位","工程量",null,"综合单价\n（元）","综合合价\n（元）"]
[null,null,"D5-2-63 换混凝土管铺设 承插式(φ150-3000) 人机配合下管管径(mm以内) 600 \u007f无基础 人工*1.18,机械*1.18"]
["8","040501001002","混凝土管dn1000",null,"m","7",null,957.72,6704.04]
[null,null,"D5-2-87水泥砂浆接口(120°管基) 管径(mm以内) 1000"]
[null,null,"80010220抹灰水泥砂浆(配合比) 中砂 1:2.5"]
[null,null,"80010220抹灰水泥砂浆(配合比) 中砂 1:2.5"]
[null,null,"D5-1-13垫层 混凝土"]
[null,null,"8021903普通预拌混凝土 碎石粒径综合考虑 C20"]
[null,null,"D5-2-67混凝土管铺设 承插式(φ150-3000) 人机配合下管管径(mm以内) 1000  \u007f"]
["9","011601001001","拆井筒降低井盖",null,"m3","1.782",null,98.38,175.31]
[null,null,"借A1-19-4墙体拆除 砖砌墙体 实心砖墙"]
["10","040504001001","砌筑井",null,"座","3",null,2625.67,7877.01]
[null,null,"80050030砌筑用混合砂浆(配合比) 中砂 M7.5"]
[null,null,"80050030砌筑用混合砂浆(配合比) 中砂 M7.5"]
[null,null,"8021903普通预拌混凝土 碎石粒径综合考虑 C20"]
[null,null,"D5-3-11 换砖砌收口式 适用管径 200-600 井径1000 井深3.5m \u007f实际高度(m):2"]
["11","04B001","新装花岗岩雕刻护栏",null,"m","10.7",null,1800,19260]
["12","040101001003","平整河床",null,"m3","93.24",null,6.26,583.68]
[null,null,"D1-1-2机械平整场地"]
[null,null,"桥底人行道及其他项目",{"$nulls":5},218410.64]
["1","040204002004","人行道石屑基层",null,"m2","141.775",null,16.61,2354.88]
[null,null,"D2-4-10 换人工铺装石屑底层 厚度 15cm \u007f实际厚度(cm):8"]
["2","040204002005","人行道块料铺设",null,"m2","143.1",null,198.98,28474.04]
[null,null,"D2-4-8人行道广场砖铺设"]
["本页小计",{"$nulls":7},65428.96]
[{"$nulls":6},"第 2 页 共 11 页"]
["分部分项工程清单表"]
["工程名称：恩平中心城区锦江公园长堤污水管坍塌及幼苗街等管道修复工程"]
["序号","编码","名称",null,"单位","工程量",null,"综合单价\n（元）","综合合价\n（元）"]
[null,null,"借A1-12-1 换楼地面水泥砂浆找平层 混凝土或硬基层上 20mm \u007f实际厚度(mm):30"]
[null,null,"借80010220抹灰水泥砂浆(配合比) 中砂 1:2.5"]
[null,null,"80010080砌筑用水泥砂浆(配合比) 中砂 M7.5"]
[null,null,"D2-4-14 换人行道垫层 混凝土 厚度 15cm \u007f实际厚度(cm):10"]
[null,null,"8021904普通预拌混凝土 碎石粒径综合考虑 C25"]
["3","040101002005","挖沟槽土方",null,"m3","3.504",null,39.82,139.53]
[null,null,"D1-1-10人工挖沟槽土方 一、二类土 深度在2m内"]
["4","040204004001","安砌侧(平、缘)石",null,"m","58.4",null,47.68,2784.51]
[null,null,"8021902普通预拌混凝土 碎石粒径综合考虑 C15"]
[null,null,"80050030砌筑用混合砂浆(配合比) 中砂 M7.5"]
[null,null,"8021903普通预拌混凝土 碎石粒径综合考虑 C20"]
[null,null,"D2-4-17人工铺设侧缘石垫层 混凝土垫层"]
[null,null,"D2-4-33浇筑侧(缘)石混凝土后座"]
[null,null,"D2-4-19缘石铺设 混凝土 长度 50cm"]
["5","010401014001","砖地沟、明沟",null,"m","54",null,102.87,5554.98]
[null,null,"借80010210抹灰水泥砂浆(配合比) 中砂 1:2"]
[null,null,"借80050020砌筑用混合砂浆(配合比) 中砂 M5.0"]
[null,null,"借8021903普通预拌混凝土 碎石粒径综合考虑 C20"]
[null,null,"借A1-4-85砖砌明沟 两边1/2砖"]
["6","01B002","机制活动混凝土盖板400*500*50",null,"块","388",null,85,32980]
[null,null,"补子目1机制活动混凝土盖板400*500*50"]
["7","010401014002","截水沟",null,"m","27.6",null,128.63,3550.19]
[null,null,"借80010220抹灰水泥砂浆(配合比) 中砂 1:2.5"]
["本页小计",{"$nulls":7},45009.21]
[{"$nulls":6},"第 3 页 共 11 页"]
["分部分项工程清单表"]
["工程名称：恩平中心城区锦江公园长堤污水管坍塌及幼苗街等管道修复工程"]
["序号","编码","名称",null,"单位","工程量",null,"综合单价\n（元）","综合合价\n（元）"]
[null,null,"借80010060砌筑用水泥砂浆(配合比) 中砂 M2.5"]
[null,null,"借8021903普通预拌混凝土 碎石粒径综合考虑 C20"]
[null,null,"借A1-4-86砖砌明沟 一边1/2砖一边1砖"]
["8","040101002006","挖沟槽土方",null,"m3","10.9",null,39.82,434.04]
[null,null,"D1-1-10人工挖沟槽土方 一、二类土 深度在2m内"]
["9","040501004001","塑料管dn110",null,"m","43.6",null,16.93,738.15]
[null,null,"D4-1-92塑料管安装(粘接) 管外径(mm以内) 110"]
["10","040103001004","回填方",null,"m3","10.9",null,18.82,205.14]
[null,null,"D1-1-133回填土 夯实机夯实 槽、坑"]
["11","040309009001","桥底泄水管DN200",null,"m","63.1",null,61.87,3904]
[null,null,"D3-5-27安装泄水孔 塑料管"]
["12","040309009002","桥底泄水管DN110",null,"m","16",null,23.19,371.04]
[null,null,"D3-5-27安装泄水孔 塑料管"]
["13","050101011001","绿地起坡造型",null,"m3","1500.7",null,52.79,79221.95]
[null,null,"借E1-1-2微坡地形土方堆置(坡顶与坡底高差在cm) 50以内"]
["14","050102012001","铺种草皮",null,"m2","1500.7",null,37.17,55781.02]
[null,null,"借E1-2-96铺草皮 原土铺草皮"]
[null,null,"借E1-3-86草皮保养 人工灌溉"]
[null,null,"借E1-3-86 *2草皮保养 人工灌溉 \u007f保养月数:2"]
["15","040101001004","桥底挖土",null,"m3","437.71",null,4.38,1917.17]
[null,null,"D1-1-29挖掘机挖一般土方 一、二类土"]
[null,null,"楼梯部分",{"$nulls":5},79030.87]
["1","040101001005","挖一般土方",null,"m3","212.55",null,4.38,930.97]
[null,null,"D1-1-29挖掘机挖一般土方 一、二类土"]
["2","040204002006","基层",null,"m2","90.421",null,115.82,10472.56]
[null,null,"D2-4-10 换人工铺装石屑底层 厚度 15cm \u007f实际厚度(cm):8"]
["本页小计",{"$nulls":7},153976.04]
[{"$nulls":6},"第 4 页 共 11 页"]
["分部分项工程清单表"]
["工程名称：恩平中心城区锦江公园长堤污水管坍塌及幼苗街等管道修复工程"]
["序号","编码","名称",null,"单位","工程量",null,"综合单价\n（元）","综合合价\n（元）"]
[null,null,"D2-4-14 换人行道垫层 混凝土 厚度 15cm \u007f实际厚度(cm):10"]
[null,null,"D3-1-46泵送混凝土增加费"]
[null,null,"8021904普通预拌混凝土 碎石粒径综合考虑 C25"]
[null,null,"8021904普通预拌混凝土 碎石粒径综合考虑 C25"]
["3","010506001001","直形楼梯",null,"m3","3.1983",null,799.84,2558.13]
[null,null,"借A1-5-21现浇建筑物混凝土 直形楼梯"]
[null,null,"借8021904普通预拌混凝土 碎石粒径综合考虑 C25"]
[null,null,"借8021904普通预拌混凝土 碎石粒径综合考虑 C25"]
[null,null,"借A1-5-51泵送混凝土至建筑部位 高度50m以内(含±0.00以下)"]
["4","011107001001","石材台阶面",null,"m2","90.421",null,502.2,45409.43]
[null,null,"借A1-12-5 换水泥砂浆找平层 台阶 20mm \u007f实际厚度(mm):25"]
[null,null,"借80010210抹灰水泥砂浆(配合比) 中砂 1:2"]
[null,null,"借80010220抹灰水泥砂浆(配合比) 中砂 1:2.5"]
[null,null,"借80010220抹灰水泥砂浆(配合比) 中砂 1:2.5"]
[null,null,"借A1-16-199石材磨边 大圆边、大斜边"]
[null,null,"借A1-12-58铺贴花岗岩 台阶 水泥砂浆"]
["5","040101003001","挖基坑土方",null,"m3","7.2",null,39.82,286.7]
[null,null,"D1-1-10人工挖沟槽土方 一、二类土 深度在2m内"]
["6","010501003001","独立基础",null,"m3","7.2",null,697.65,5023.08]
[null,null,"借A1-5-2现浇建筑物混凝土 其他混凝土基础"]
[null,null,"借8021904普通预拌混凝土 碎石粒径综合考虑 C25"]
["7","04B002","定制安装塑木护栏",null,"m2","51.25",null,280,14350]
[null,null,"中山公园侧门段",{"$nulls":5},54053.54]
["1","040203007001","缩缝",null,"m","104",null,4.83,502.32]
["本页小计",{"$nulls":7},68129.66]
[{"$nulls":6},"第 5 页 共 11 页"]
["分部分项工程清单表"]
["工程名称：恩平中心城区锦江公园长堤污水管坍塌及幼苗街等管道修复工程"]
["序号","编码","名称",null,"单位","工程量",null,"综合单价\n（元）","综合合价\n（元）"]
[null,null,"D1-4-88旧路面机械切缝 水泥混凝土路面 5cm厚"]
["2","041001001001","拆除路面",null,"m2","72.8",null,38.1,2773.68]
[null,null,"D1-4-3 换小型机械拆除混凝土类路面层 无筋 厚15cm内 \u007f实际厚度(cm):24"]
[null,null,"D1-1-126 换自卸汽车运石方 运距1km \u007f实际运距(km):5"]
[null,null,"D1-1-124挖掘机挖装松散石方"]
["3","040101002007","挖沟槽土方",null,"m3","145.6",null,8.65,1259.44]
[null,null,"D1-1-33 换挖掘机挖沟槽、基坑土方 一、二类土 \u007f挖掘机在垫板上进行作业,搭拆垫板的费用另行计算 人工*1.25,机械*1.25"]
["4","040501001003","混凝土管",null,"m","52",null,370.46,19263.92]
[null,null,"80010220抹灰水泥砂浆(配合比) 中砂 1:2.5"]
[null,null,"80050030砌筑用混合砂浆(配合比) 中砂 M7.5"]
[null,null,"D5-2-65 换混凝土管铺设 承插式(φ150-3000) 人机配合下管管径(mm以内) 800 \u007f无基础 人工*1.18,机械*1.18"]
[null,null,"D5-2-85水泥砂浆接口(120°管基) 管径(mm以内) 800"]
["5","040103001005","回填方",null,"m3","25.876",null,18.82,486.99]
[null,null,"D1-1-133回填土 夯实机夯实 槽、坑"]
["6","040103002001","余方弃置",null,"m3","26.1248",null,30.08,785.83]
[null,null,"D1-1-53 换自卸汽车运土方 运距1km内 \u007f实际运距(km):5"]
[null,null,"D1-1-124挖掘机挖装松散石方"]
["7","040202015001","水泥稳定碎(砾)石",null,"m2","72.8",null,31.23,2273.54]
[null,null,"D2-2-1 换路拌铺筑水泥石屑混合料 水泥含量 6% 厚度 15cm \u007f实际厚度(cm):10"]
["8","040203007002","水泥混凝土",null,"m2","72.8",null,169.47,12337.42]
[null,null,"8021905普通预拌混凝土 碎石粒径综合考虑 C30"]
["本页小计",{"$nulls":7},39180.82]
[{"$nulls":6},"第 6 页 共 11 页"]
["分部分项工程清单表"]
["工程名称：恩平中心城区锦江公园长堤污水管坍塌及幼苗街等管道修复工程"]
["序号","编码","名称",null,"单位","工程量",null,"综合单价\n（元）","综合合价\n（元）"]
[null,null,"D2-3-46水泥混凝土路面 厚度 20cm"]
[null,null,"D2-3-55水泥混凝土路面养生 水养生"]
["9","040504009001","雨水口",null,"座","10",null,1410.2,14102]
[null,null,"80010210抹灰水泥砂浆(配合比) 中砂 1:2"]
[null,null,"80010210抹灰水泥砂浆(配合比) 中砂 1:2"]
[null,null,"80050040砌筑用混合砂浆(配合比) 中砂 M10"]
[null,null,"8021903普通预拌混凝土 碎石粒径综合考虑 C20"]
[null,null,"D5-3-260 换平篦式雨水进水井 单平篦(680×380)井深 1m \u007f实际井深(m):1.8"]
["10","040504001002","砌筑检查井",null,"座","4",null,67.1,268.4]
[null,null,"80050030砌筑用混合砂浆(配合比) 中砂 M7.5"]
[null,null,"80050030砌筑用混合砂浆(配合比) 中砂 M7.5"]
[null,null,"D5-3-7砖砌圆形雨水检查井 井径1000 井室高度每增减0.1m"]
[null,null,"西门老干部之家段",{"$nulls":5},31931.64]
["1","040203007003","缩缝",null,"m","40",null,4.83,193.2]
[null,null,"D1-4-88旧路面机械切缝 水泥混凝土路面 5cm厚"]
["2","041001001002","拆除路面",null,"m2","28",null,38.1,1066.8]
[null,null,"D1-4-3 换小型机械拆除混凝土类路面层 无筋 厚15cm内 \u007f实际厚度(cm):24"]
[null,null,"D1-1-126 换自卸汽车运石方 运距1km \u007f实际运距(km):5"]
[null,null,"D1-1-124挖掘机挖装松散石方"]
["3","040101002008","挖沟槽土方",null,"m3","56",null,8.65,484.4]
[null,null,"D1-1-33 换挖掘机挖沟槽、基坑土方 一、二类土 \u007f挖掘机在垫板上进行作业,搭拆垫板的费用另行计算 人工*1.25,机械*1.25"]
["4","040501001004","混凝土管",null,"m","20",null,370.46,7409.2]
["本页小计",{"$nulls":7},23524]
[{"$nulls":6},"第 7 页 共 11 页"]
["分部分项工程清单表"]
["工程名称：恩平中心城区锦江公园长堤污水管坍塌及幼苗街等管道修复工程"]
["序号","编码","名称",null,"单位","工程量",null,"综合单价\n（元）","综合合价\n（元）"]
[null,null,"80010220抹灰水泥砂浆(配合比) 中砂 1:2.5"]
[null,null,"80050030砌筑用混合砂浆(配合比) 中砂 M7.5"]
[null,null,"D5-2-65 换混凝土管铺设 承插式(φ150-3000) 人机配合下管管径(mm以内) 800 \u007f无基础 人工*1.18,机械*1.18"]
[null,null,"D5-2-85水泥砂浆接口(120°管基) 管径(mm以内) 800"]
["5","040103001006","回填方",null,"m3","45.952",null,18.82,864.82]
[null,null,"D1-1-133回填土 夯实机夯实 槽、坑"]
["6","040103002002","余方弃置",null,"m3","10.048",null,30.08,302.24]
[null,null,"D1-1-53 换自卸汽车运土方 运距1km内 \u007f实际运距(km):5"]
[null,null,"D1-1-124挖掘机挖装松散石方"]
["7","040202015002","水泥稳定碎(砾)石",null,"m2","28",null,31.23,874.44]
[null,null,"D2-2-1 换路拌铺筑水泥石屑混合料 水泥含量 6% 厚度 15cm \u007f实际厚度(cm):10"]
["8","040203007004","水泥混凝土",null,"m2","28",null,169.47,4745.16]
[null,null,"8021905普通预拌混凝土 碎石粒径综合考虑 C30"]
[null,null,"D2-3-46水泥混凝土路面 厚度 20cm"]
[null,null,"D2-3-55水泥混凝土路面养生 水养生"]
["9","040504009002","雨水口",null,"座","2",null,1410.2,2820.4]
[null,null,"80010210抹灰水泥砂浆(配合比) 中砂 1:2"]
[null,null,"80010210抹灰水泥砂浆(配合比) 中砂 1:2"]
[null,null,"80050040砌筑用混合砂浆(配合比) 中砂 M10"]
[null,null,"8021903普通预拌混凝土 碎石粒径综合考虑 C20"]
[null,null,"D5-3-260 换平篦式雨水进水井 单平篦(680×380)井深 1m \u007f实际井深(m):1.8"]
["10","040504001003","砌筑检查井",null,"座","3",null,67.1,201.3]
["本页小计",{"$nulls":7},9808.36]
[{"$nulls":6},"第 8 页 共 11 页"]
["分部分项工程清单表"]
["工程名称：恩平中心城区锦江公园长堤污水管坍塌及幼苗街等管道修复工程"]
["序号","编码","名称",null,"单位","工程量",null,"综合单价\n（元）","综合合价\n（元）"]
[null,null,"80050030砌筑用混合砂浆(配合比) 中砂 M7.5"]
[null,null,"80050030砌筑用混合砂浆(配合比) 中砂 M7.5"]
[null,null,"D5-3-7砖砌圆形雨水检查井 井径1000 井室高度每增减0.1m"]
["11","040204004002","安砌侧(平、缘)石",null,"m","8",null,1506.75,12054]
[null,null,"8021902普通预拌混凝土 碎石粒径综合考虑 C15"]
[null,null,"80050030砌筑用混合砂浆(配合比) 中砂 M7.5"]
[null,null,"8021903普通预拌混凝土 碎石粒径综合考虑 C20"]
[null,null,"D2-4-17人工铺设侧缘石垫层 混凝土垫层"]
[null,null,"D2-4-19缘石铺设 混凝土 长度 50cm"]
[null,null,"D2-4-33浇筑侧(缘)石混凝土后座"]
["12","040204001001","人行道整形碾压",null,"m2","8",null,2.09,16.72]
[null,null,"D2-1-2人行道整形碾压"]
["13","040204002007","人行道块料铺设",null,"m2","8",null,112.37,898.96]
[null,null,"D2-4-8人行道广场砖铺设"]
[null,null,"借A1-12-1楼地面水泥砂浆找平层 混凝土或硬基层上 20mm"]
[null,null,"借80010220抹灰水泥砂浆(配合比) 中砂 1:2.5"]
[null,null,"80050030砌筑用混合砂浆(配合比) 中砂 M7.5"]
[null,null,"新城社区段",{"$nulls":5},96524.35]
["1","040203007005","缩缝",null,"m","40",null,4.83,193.2]
[null,null,"D1-4-88旧路面机械切缝 水泥混凝土路面 5cm厚"]
["2","041001001003","拆除路面",null,"m2","28",null,38.1,1066.8]
[null,null,"D1-4-3 换小型机械拆除混凝土类路面层 无筋 厚15cm内 \u007f实际厚度(cm):24"]
[null,null,"D1-1-126 换自卸汽车运石方 运距1km \u007f实际运距(km):5"]
[null,null,"D1-1-124挖掘机挖装松散石方"]
["本页小计",{"$nulls":7},14229.68]
[{"$nulls":6},"第 9 页 共 11 页"]
["分部分项工程清单表"]
["工程名称：恩平中心城区锦江公园长堤污水管坍塌及幼苗街等管道修复工程"]
["序号","编码","名称",null,"单位","工程量",null,"综合单价\n（元）","综合合价\n（元）"]
["3","040101002009","挖沟槽土方",null,"m3","420",null,8.65,3633]
[null,null,"D1-1-33 换挖掘机挖沟槽、基坑土方 一、二类土 \u007f挖掘机在垫板上进行作业,搭拆垫板的费用另行计算 人工*1.25,机械*1.25"]
["4","040501001005","混凝土管",null,"m","150",null,370.46,55569]
[null,null,"80010220抹灰水泥砂浆(配合比) 中砂 1:2.5"]
[null,null,"80050030砌筑用混合砂浆(配合比) 中砂 M7.5"]
[null,null,"D5-2-65 换混凝土管铺设 承插式(φ150-3000) 人机配合下管管径(mm以内) 800 \u007f无基础 人工*1.18,机械*1.18"]
[null,null,"D5-2-85水泥砂浆接口(120°管基) 管径(mm以内) 800"]
["5","040103001007","回填方",null,"m3","344.64",null,18.82,6486.12]
[null,null,"D1-1-133回填土 夯实机夯实 槽、坑"]
["6","040103002003","余方弃置",null,"m3","75.36",null,30.08,2266.83]
[null,null,"D1-1-53 换自卸汽车运土方 运距1km内 \u007f实际运距(km):5"]
[null,null,"D1-1-124挖掘机挖装松散石方"]
["7","040202015003","水泥稳定碎(砾)石",null,"m2","28",null,31.23,874.44]
[null,null,"D2-2-1 换路拌铺筑水泥石屑混合料 水泥含量 6% 厚度 15cm \u007f实际厚度(cm):10"]
["8","040203007006","水泥混凝土",null,"m2","28",null,169.47,4745.16]
[null,null,"8021905普通预拌混凝土 碎石粒径综合考虑 C30"]
[null,null,"D2-3-46水泥混凝土路面 厚度 20cm"]
[null,null,"D2-3-55水泥混凝土路面养生 水养生"]
["9","040504009003","雨水口",null,"座","15",null,1410.2,21153]
[null,null,"80010210抹灰水泥砂浆(配合比) 中砂 1:2"]
[null,null,"80010210抹灰水泥砂浆(配合比) 中砂 1:2"]
["本页小计",{"$nulls":7},94727.55]
[{"$nulls":6},"第 10 页 共 11 页"]
["分部分项工程清单表"]
["工程名称：恩平中心城区锦江公园长堤污水管坍塌及幼苗街等管道修复工程"]
["序号","编码","名称",null,"单位","工程量",null,"综合单价\n（元）","综合合价\n（元）"]
[null,null,"80050040砌筑用混合砂浆(配合比) 中砂 M10"]
[null,null,"8021903普通预拌混凝土 碎石粒径综合考虑 C20"]
[null,null,"D5-3-260 换平篦式雨水进水井 单平篦(680×380)井深 1m \u007f实际井深(m):1.8"]
["10","040504001004","砌筑检查井",null,"座","8",null,67.1,536.8]
[null,null,"80050030砌筑用混合砂浆(配合比) 中砂 M7.5"]
[null,null,"80050030砌筑用混合砂浆(配合比) 中砂 M7.5"]
[null,null,"D5-3-7砖砌圆形雨水检查井 井径1000 井室高度每增减0.1m"]
["本页小计",{"$nulls":7},536.8]
["合    计",{"$nulls":7},594812.53]
[{"$nulls":6},"第 11 页 共 11 页"]

{"sheet":"措施项目计价表（一）","index":4,"n_rows":7,"n_cols":7,"rows_kept":7,"merged":[[0,0,0,6],[1,0,1,6],[2,3,2,5],[3,3,3,5],[4,3,4,5],[5,0,5,5],[6,0,6,3],[6,5,6,6]]}
["措施项目清单与计价表（一）"]
["工程名称：恩平中心城区锦江公园长堤污水管坍塌及幼苗街等管道修复工程"]
["序号","项目名称","计算基础","费 率（%）",null,null,"金额（元）"]
["1","绿色施工安全防护措施费"]
["LSSGCSF00001","绿色施工安全防护措施费","分部分项人工费+分部分项机具费","16.5",null,null,22306.18]
["合    计",{"$nulls":5},22306.18]
[{"$nulls":5},"第 1 页  共 1 页"]

{"sheet":"措施项目计价表（二）","index":5,"n_rows":17,"n_cols":9,"rows_kept":17,"merged":[[0,0,0,8],[1,0,1,8],[2,0,3,0],[2,1,3,1],[2,2,3,2],[2,3,3,3],[2,4,3,6],[2,7,2,8],[4,4,4,6],[5,4,5,6],[6,4,6,6],[7,4,7,6],[8,4,8,6],[9,4,9,6],[10,4,10,6],[11,4,11,6],[12,4,12,6],[13,0,13,7],[14,0,14,7],[15,0,15,7],[16,0,16,4],[16,6,16,8]]}
["措施项目清单与计价表（二）"]
["工程名称：恩平中心城区锦江公园长堤污水管坍塌及幼苗街等管道修复工程"]
["序号","项目编码","项目名称","计量\n单位","工程数量",null,null,"金额（元）"]
[{"$nulls":7},"综合单价","合价"]
[1,null,"措施其他项目"]
["1.1","2.1","材料二次运输","项","1"]
["1.2","041102001001","垫层模板","m2","3.14",null,null,43.77,137.44]
[null,"D5-6-1","混凝土基础垫层 木模","100m2","0.0314",null,null,4371.14,137.25]
[null,"80010210","抹灰水泥砂浆(配合比) 中砂 1:2","m3","0.0004",null,null,480.82,0.19]
["1.3","041102002001","基础模板","m2","21.98",null,null,56.63,1244.73]
[null,"D5-6-7","设备基础(单体在5m3以外) 复合木模","100m2","0.2198",null,null,5662.66,1244.65]
["1.4","041102017001","挡墙模板","m2","91.374",null,null,60.46,5524.47]
[null,"D3-7-27","现浇混凝土模板制作、安装 挡墙","10m2","9.1374",null,null,604.6,5524.47]
["小  计",{"$nulls":7},6906.64]
["本页小计",{"$nulls":7},6906.64]
["合  计",{"$nulls":7},6906.64]
[{"$nulls":6},"第 1 页  共 1 页"]

{"sheet":"其他项目清单与计价汇总表","index":6,"n_rows":18,"n_cols":8,"rows_kept":18,"merged":[[0,0,0,5],[0,6,0,7],[1,0,1,7],[2,0,2,7],[3,3,3,4],[3,5,3,6],[4,3,4,4],[4,5,4,6],[5,3,5,4],[5,5,5,6],[6,3,6,4],[6,5,6,6],[7,3,7,4],[7,5,7,6],[8,3,8,4],[8,5,8,6],[9,3,9,4],[9,5,9,6],[10,3,10,4],[10,5,10,6],[11,3,11,4],[11,5,11,6],[12,3,12,4],[12,5,12,6],[13,3,13,4],[13,5,13,6],[14,3,14,4],[14,5,14,6],[15,3,15,4],[15,5,15,6],[16,3,16,4],[16,5,16,6],[17,0,17,3],[17,4,17,5],[17,6,17,7]]}
[]
["其他项目清单与计价汇总表"]
["工程名称：恩平中心城区锦江公园长堤污水管坍塌及幼苗街等管道修复工程"]
["序号","项目名称","计算基数","费率(%)",null,"金额（元）",null,"备注"]
["1","暂列金额",44000,null,null,{"$f":"C5","v":{"v":44000,"d":"44000.00"}},null,"明细详见表-12-1"]
["2","暂估价","暂估价材料合计+专业工程暂估价"]
["2.1","材料暂估价","暂估价材料合计",{"$nulls":4},"明细详见表-12-2"]
["2.2","专业工程暂估价","专业工程暂估价",{"$nulls":4},"明细详见表-12-3"]
["3","计日工","计日工",{"$nulls":4},"明细详见表-12-4"]
["4","总承包服务费","总承包服务费",{"$nulls":4},"明细详见表-12-5"]
["5","预算包干费","预算包干费",null,null,9463.23]
["6","工程优质费","工程优质费"]
["7","概算幅度差","概算幅度差"]
["8","现场签证费用","现场签证"]
["9","索赔费用","索赔"]
["10","其他费用","其他费用"]
[null,"合  计",{"$nulls":3},{"$f":"F11+F5","v":53463.23},null,"—"]
[{"$nulls":6},"第 1 页  共 1 页"]

{"sheet":"主要材料价格表","index":7,"n_rows":21,"n_cols":9,"rows_kept":21,"merged":[[0,0,0,8],[1,0,1,8],[2,4,2,6],[2,8,2,9],[3,4,3,6],[3,8,3,9],[4,4,4,6],[4,8,4,9],[5,4,5,6],[5,8,5,9],[6,4,6,6],[6,8,6,9],[7,4,7,6],[7,8,7,9],[8,4,8,6],[8,8,8,9],[9,4,9,6],[9,8,9,9],[10,4,10,6],[10,8,10,9],[11,4,11,6],[11,8,11,9],[12,4,12,6],[12,8,12,9],[13,4,13,6],[13,8,13,9],[14,4,14,6],[14,8,14,9],[15,4,15,6],[15,8,15,9],[16,4,16,6],[16,8,16,9],[17,4,17,6],[17,8,17,9],[18,4,18,6],[18,8,18,9],[19,4,19,6],[19,8,19,9],[20,0,20,4],[20,6,20,8]]}
["主要材料价格表"]
["工程名称：恩平中心城区锦江公园长堤污水管坍塌及幼苗街等管道修复工程"]
["编码","名称","规格型号","单位","数量",null,null,"不含税单价（元）","不含税合价\n（元）"]
["04010015","复合普通硅酸盐水泥","P.C 32.5","t",14.2434,null,null,363.56,5178.33]
["01010125","螺纹钢筋","φ10~25","t",5.5685,null,null,3891.43,21669.43]
["BCCLF1@1","机制活动混凝土盖板400*500*50",null,"块",388,null,null,85,32980]
["04010045","白色硅酸盐水泥","32.5","t",0.0136,null,null,603.41,8.21]
["04030015","中砂",null,"m3",29.1947,null,null,261.38,7630.91]
["04030015@2","中砂",null,"m3",8.5433,null,null,261.38,2233.05]
["04070045","石粉",null,"m3",24.8914,null,null,116.44,2898.35]
["04070045@1","石粉",null,"m3",17.9096,null,null,116.44,2085.39]
["04090015","生石灰",null,"t",0.3432,null,null,380,130.42]
["04130001","标准砖","240×115×53","千块",28.075,null,null,344.45,9670.43]
["36090010","广场砖","综合","m2",8.16,null,null,45,367.2]
["17250080@1","塑料排水管","DN200","m",64.362,null,null,52.62,3386.73]
["17250080@2","塑料排水管","DN110","m",16.32,null,null,14.7,239.9]
["17290070@1","钢筋混凝土管","dn600","m",2.02,null,null,249.44,503.87]
["17290070@2","钢筋混凝土管","dn1000","m",7.07,null,null,448.12,3168.21]
["17290070@3","钢筋混凝土管","DN800","m",224.22,null,null,288.43,64671.77]
["36010280","铸铁平篦",null,"套",27,null,null,207.07,5590.89]
[{"$nulls":6},"第 1 页  共 1 页"]